A Survey of Perceptions about the Drivers of Conflict in Swat (Record no. 16172)

000 -LEADER
fixed length control field 00485nam a22001577a 4500
003 - CONTROL NUMBER IDENTIFIER
control field OSt
020 ## - INTERNATIONAL STANDARD BOOK NUMBER
International Standard Book Number 9789699471001
040 ## - CATALOGING SOURCE
Original cataloging agency 1
082 ## - DEWEY DECIMAL CLASSIFICATION NUMBER
Classification number 303.6549122
Author Mark AZI 2004
100 ## - MAIN ENTRY--PERSONAL NAME
Personal name Aziz, Khalid
245 ## - TITLE STATEMENT
Title A Survey of Perceptions about the Drivers of Conflict in Swat
Statement of responsibility, etc. Khalid Aziz
260 ## - PUBLICATION, DISTRIBUTION, ETC.
Place of publication, distribution, etc. Peshawar
Name of publisher, distributor, etc. RIPORT
Date of publication, distribution, etc. 2004
300 ## - PHYSICAL DESCRIPTION
Extent 67
650 ## - SUBJECT ADDED ENTRY--TOPICAL TERM
Topical term or geographic name entry element Communication, Development, Foreign Intervention, Governance, Poverty, Religion, Security, Social Customs, Swat
942 ## - ADDED ENTRY ELEMENTS (KOHA)
Source of classification or shelving scheme
Koha item type Book
Holdings
Withdrawn status Lost status Damaged status Not for loan Collection code Permanent Location Current Location Shelving location Date acquired Total Checkouts Full call number Barcode Date last seen Price effective from Koha item type
          Centre for International Peace & Stability (CIPS) Centre for International Peace & Stability (CIPS) General Stacks 07/07/2015   303.6549122 AZI 2004 CIPS0002601 07/07/2015 07/07/2015 Book
© 2023 Central Library, National University of Sciences and Technology. All Rights Reserved.